Mohanadas Karamchand Gandhi Atmakathe: nanna satyashodhaneya kathe (Record no. 123492)
[ view plain ]
| 000 -LEADER | |
|---|---|
| fixed length control field | 03195nam a2200265Ia 4500 |
| 003 - CONTROL NUMBER IDENTIFIER | |
| control field | OSt |
| 005 - DATE AND TIME OF LATEST TRANSACTION | |
| control field | 20260213162024.0 |
| 008 - FIXED-LENGTH DATA ELEMENTS--GENERAL INFORMATION | |
| fixed length control field | 210210b2018 xxu||||| |||| 00| 0 eng d |
| 020 ## - INTERNATIONAL STANDARD BOOK NUMBER | |
| International Standard Book Number | 9788128012150 |
| 040 ## - CATALOGING SOURCE | |
| Transcribing agency | AL |
| 041 ## - LANGUAGE CODE | |
| Language code of text/sound track or separate title | kannada |
| 082 ## - DEWEY DECIMAL CLASSIFICATION NUMBER | |
| Classification number | 923.2K MOHA |
| 100 ## - MAIN ENTRY--PERSONAL NAME | |
| Personal name | MOHANADASA KARAMCHAND GANDHI |
| Dates associated with a name | ಮೋಹನದಾಸ ಕರಮಚಂದ ಗಾಂಧಿ |
| 9 (RLIN) | 254834 |
| 245 ## - TITLE STATEMENT | |
| Title | Mohanadas Karamchand Gandhi Atmakathe: nanna satyashodhaneya kathe |
| Remainder of title | ಮೋಹನದಾಸ್ ಕರಮಚಂದ್ ಗಾಂಧಿ ಆತ್ಮಕಥೆ: ನನ್ನ ಸತ್ಯಶೋಧನೆಯ ಕಥೆ |
| 260 ## - PUBLICATION, DISTRIBUTION, ETC. | |
| Place of publication, distribution, etc. | Bengaluru |
| Name of publisher, distributor, etc. | Sapna book house |
| Date of publication, distribution, etc. | 2018 |
| 300 ## - PHYSICAL DESCRIPTION | |
| Extent | xvi,703 |
| 520 ## - SUMMARY, ETC. | |
| Summary, etc. | ಮೋಹನದಾಸ ಕರಮಚಂದ ಗಾಂಧಿ ಆತ್ಮಕಥೆ: ನನ್ನ ಸತ್ಯಶೋಧನೆಯ ಕಥೆ’ ಈ ಕೃತಿಯನ್ನು ಲೇಖಕ ಜಿ.ಎಂ. ಕೃಷ್ಣಮೂರ್ತಿ ಅವರು ಕನ್ನಡಕ್ಕೆ ಅನುವಾದಿಸಿದ್ದಾರೆ. ಮಹಾತ್ಮಗಾಂಧಿ ಅವರು ಮಹಾತ್ಮನಾಗುವ ಮೊದಲು ಅವರು ಎಲ್ಲರಂತೆ ಸಾಮಾನ್ಯರೇ ಆಗಿದ್ದರು. ಆದರೆ, ನಮ್ಮ ಸುತ್ತಮುತ್ತಲಿನ ವಿದ್ಯಮಾನಗಳನ್ನು, ಶೋಷಣೆ-ದಬ್ಬಾಳಿಕೆಗಳನ್ನು ಸೂಕ್ಷ್ಮವಾಗಿ ಗ್ರಹಿಸಿ, ಅದನ್ನು ಅಹಿಂಸೆಯ ಮೂಲಕವೇ ವಿರೋಧಿಸಿ, ಪ್ರತಿಭಟಿಸುವುದನ್ನು ತಮ್ಮ ಬದುಕಿನ ಭಾಗವಾಗಿ ಮಾಡಿಕೊಳ್ಳುತ್ತಲೇ ಹಂತಹಂತವಾಗಿ ಹೋರಾಟ ಮಾಡಿ ಮಹಾತ್ಮರಾಗುವ ಪರಿಯನ್ನು ಸ್ವತಃ ಗಾಂಧಿ ಅವರ ಜೀವನ ಚರಿತ್ರೆಯ ಪುಸ್ತಕದಿಂದ ತಿಳಿದು ಬರುತ್ತದೆ. ಯಾವ ಕಾಲಕ್ಕೂ ಅಹಿಂಸೆ, ಶಾಂತಿ ಮಂತ್ರ ಬಿಡಬಾರದು ಎಂಬ ಸಂಕಲ್ಪದೊಂದಿಗೆ ಅವರು ತಮ್ಮ ಬದುಕನ್ನು ಗಟ್ಟಿ ಮಾಡಿಕೊಂಡರು. ಆ ಮೂಲಕವೇ ಭಾರತ ದೇಶವನ್ನು ಬ್ರಿಟಿಷರಿಂದ ಮುಕ್ತಗೊಳಿಸಿದರು. ದೇಶದಲ್ಲಿರುವ ಅಸ್ಪೃಶ್ಯತೆ ವಿರುದ್ಧ ಹೋರಾಡಿದರು. ಕೋಮು ಸೌಹಾರ್ದತೆ ಕಾಯ್ದುಕೊಳ್ಳಲು ಶ್ರಮಿಸಿದರು. ಇಂತಹ ಸಂಗತಿಗಳು ಓದುಗರ ಮೇಲೆ ಗಂಭೀರ ಪರಿಣಾಮ ಬೀರುವ ಅಂಶಗಳನ್ನು ಒಳಗೊಂಡ ಕೃತಿ ಇದು. |
| 650 ## - SUBJECT ADDED ENTRY--TOPICAL TERM | |
| Topical term or geographic name entry element | The Story of My Experiments with Truth |
| 9 (RLIN) | 254847 |
| 650 ## - SUBJECT ADDED ENTRY--TOPICAL TERM | |
| Topical term or geographic name entry element | ಸತ್ಯಾನಾ ಪ್ರಯೋಗೊ ಅಥ್ವಾ ಆತ್ಮಕಥಾ |
| 9 (RLIN) | 254848 |
| 650 ## - SUBJECT ADDED ENTRY--TOPICAL TERM | |
| Topical term or geographic name entry element | સત્યના પ્રયોગો અથવા આત્મકથા |
| 9 (RLIN) | 254849 |
| 690 ## - LOCAL SUBJECT ADDED ENTRY--TOPICAL TERM (OCLC, RLIN) | |
| Topical term or geographic name as entry element | Autobiography |
| 9 (RLIN) | 254842 |
| 700 ## - ADDED ENTRY--PERSONAL NAME | |
| Personal name | G M Krishnamurti |
| Dates associated with a name | ಜಿ.ಎಂ. ಕೃಷ್ಣಮೂರ್ತಿ |
| 9 (RLIN) | 254846 |
| 906 ## - LOCAL DATA ELEMENT F, LDF (RLIN) | |
| a | 073722 |
| 942 ## - ADDED ENTRY ELEMENTS (KOHA) | |
| Source of classification or shelving scheme | Dewey Decimal Classification |
| Koha item type | Book |
| Withdrawn status | Lost status | Source of classification or shelving scheme | Damaged status | Not for loan | Collection code | Home library | Current library | Shelving location | Date acquired | Source of acquisition | Cost, normal purchase price | Total Checkouts | Full call number | Barcode | Date last seen | Price effective from | Koha item type |
|---|---|---|---|---|---|---|---|---|---|---|---|---|---|---|---|---|---|
| Dewey Decimal Classification | General | St Aloysius Library | St Aloysius Library | 02/17/2021 | Sapna Book House Pvt Ltd, K S Rao Road, Mangalore | 260.00 | 923.2K MOHA | 073722 | 02/17/2021 | 02/17/2021 | Book |